000 00495nam a2200157 i 4500
001 88532
003 ES-MaACL
005 20230906175858.0
007 t|
008 050104s1951 dr ||||1| spa d
100 1 _aLamarche, Carlos M.
_969768
245 1 3 _aLa democracia en función de éxito
_b: (la democracia frente al comunismo) /
_cCarlos M. Lamarche.
260 _aCiudad Trujillo :
_bEditorial del Caribe,
_c1951.
300 _a23 p. ;
_c23 cm.
852 _aES-MaACL
_j1970-F-10
_bR.34730
999 _c88532
_d88532